| 000 | 00421cam a22001457a 4500 | ||
|---|---|---|---|
| 008 | 180718b1963 xxu||||| |||| 00| 0 eng d | ||
| 082 | _aD7453 An12 | ||
| 100 | _aAnabtawi, Mundhir | ||
| 245 |
_aArab unity in terms of law _cby Mundhir Anabtawi |
||
| 260 |
_aThe Hague _bM. Nijhoff _c1963 |
||
| 300 | _axiv, 263p | ||
| 650 | _aArab countries --Politics and government | ||
| 650 | _aEgypt | ||
| 650 | _aLeague of Arab States | ||
| 999 |
_c425631 _d425631 |
||